• 首页
  • 本馆介绍
  • 公告通知
  • 最新文献
  • 馆藏检索
  • 电子资源
  • 读者导购
  • 参考咨询
  • 我的图书馆
  • 登录
  • 详细信息显示
  • 放入我的书架
  • 预约/预借图书
  • 作者相关作品
  • 分类相关作品
  • 丛书相关作品
  • 出版社相关作品

书目信息

  • 表格格式
  • 工作单格式
  • 卡片格式
题名:
元稹白居易诗选译
    
 
作者: 元稹 , 白居易 著 ;吴大奎 , 马秀娟 译注
分册:  
出版信息: 成都   巴蜀书社  1991.10
页数: 267页
开本: 19cm
丛书名: 古代文史名著选译丛书
单 册:
中图分类: I222.742 , I211
科图分类:
主题词: 唐诗--中国--选集 , 唐诗 , 文学--作品集--中国
电子资源:
ISBN: 7-80523-358-6
000 01023oam2 2200325 450
001 1574881250
005 20150119204901.64
010    @a7-80523-358-6@dCNY9.00
100    @a20021005d1991 em y0chiy0110 ea
101 0  @achi
102    @aCN@b510000
105    @af z 000gy
200 1  @a元稹白居易诗选译@9yuan zhen bai ju yi shi xuan yi@f(唐)元 稹,(唐)白居易著@g吴大奎,马秀娟译注
210    @a成都@c巴蜀书社@d1991.10
215    @a267页@c插图@d19cm
225 2  @a古代文史名著选译丛书@i隋唐五代@f章培恒主编
300    @a国家教委古籍整理“七·五”规划重点项目
461  0 @12001 @a古代文史名著选译丛书
462  0 @12001 @a隋唐五代
606 0  @a唐诗@y中国@x选集
606 0  @a唐诗
606 0  @a文学@x作品集@x中国
690    @aI222.742@v三版
690    @aI211@v4
701  0 @c(唐)@a元稹@9yuan zhen@f(779~831)@4著
701  0 @c(唐)@a白居易@9bai ju yi@f(772~846)@4著
702  0 @a吴大奎@9wu da kui@4译注
702  0 @a马秀娟@9ma xiu juan@4译注
801  0 @aCN@bTSSF@c20150119
905    @aZUCC@dI211@eJY72
    
    元稹白居易诗选译/(唐)元 稹,(唐)白居易著/吴大奎,马秀娟译注.-成都:巴蜀书社,1991.10
    267页:插图;19cm.-(古代文史名著选译丛书.隋唐五代/章培恒主编)
    国家教委古籍整理“七·五”规划重点项目
    
    ISBN 7-80523-358-6:CNY9.00
    
●
相关链接 在E读中查询图书 在五车中查询图书 在当当中查询图书 在豆瓣中查询图书


正题名:元稹白居易诗选译     索取号:I211/JY72         预约/预借

序号 登录号 条形码 馆藏地/架位号 状态 备注
1 7836836   278368366   学院路分馆/ [索取号:I211/JY72] 在馆    
2 7836838   278368384   学院路分馆/ [索取号:I211/JY72] 在馆    
唐山师范学院图书馆 欢迎您!
大连网信软件有限公司© 版权所有